[Event "Kurnosov Memorial Rapid 2020"]
[Site "Chelyabinsk"]
[Date "2020.09.04"]
[Round "2.11"]
[White "Chigaev, Maksim"]
[Black "Sergeyev, Alexander"]
[Result "1-0"]
[WhiteElo "2588"]
[BlackElo "2395"]
[Annotator "TA"]
[PlyCount "84"]
[EventDate "2020.09.04"]
[EventType "swiss"]
[EventCountry "RUS"]
[SourceTitle "playchess.com"]
[Source "ChessBase"]
[SourceQuality "1"]

{[%evp 12,84,20,19,27,12,27,12,2,-12,37,35,57,0,0,0,10,0,0,0,26,14,0,0,0,17,21,19,70,68,68,64,70,53,70,72,81,67,70,66,73,75,83,46,91,70,70,60,87,75,146,148,174,170,175,179,202,180,195,187,187,174,173,164,164,157,169,157,171,174,183,188,237,239,341]} 1. e4 e5 2. Nf3 Nf6 3. Nxe5 d6 4. Nf3 Nxe4 5. d3 Nf6 6. d4 Be7 7. Bd3 O-O {C42: Petroff Defence: 3 Nxe5 and unusual White 3rd moves.} 8. O-O c5 {is now more promising than 8...Bg4.} 9. Re1 $5 {[%mdl 4] An interesting side line.} Nc6 {The position is equal.} 10. h3 {[#]} Nb4 $146 ({Predecessor:} 10... Re8 11. Nc3 cxd4 12. Nb5 Be6 13. Nbxd4 Bf8 14. Nxe6 Rxe6 15. Rxe6 fxe6 16. Qe2 Qd7 {1-0 (32) Ghimpu,S (2302)-Sergeyev,A (2395) chess.com INT 2020}) 11. Bf1 Bf5 12. Na3 (12. c3 $1 $14 Nbd5 13. Bd3 Bxd3 14. Qxd3) 12... d5 $11 13. c3 Nc6 14. dxc5 Bxc5 15. Nb5 Qb6 (15... Be4 {is more complex.} 16. Nbd4 Re8 17. Bf4 h6 18. a4 Bd6) 16. Be3 Bxe3 17. Rxe3 Be4 18. Qb3 Rad8 19. Nbd4 Bxf3 (19... Qc7 $11) 20. Qxb6 $14 axb6 21. Nxf3 Rfe8 22. Rxe8+ Rxe8 23. Rd1 Kf8 24. a3 h6 25. Bb5 Re6 26. Kf1 g6 27. g4 Re4 28. Bd3 Re6 29. Bc2 Ke7 30. Bb3 Na5 ({Black should try} 30... Rd6) 31. Bxd5 $16 {White is clearly better.} Nxd5 32. Rxd5 {[%mdl 4096] Endgame KRN-KRN} Nc4 33. Rb5 Rf6 34. Ke2 Kd7 35. Rb4 Na5 36. Ne5+ Kc7 {[#] aiming for ...Re6.} 37. Nd3 Re6+ 38. Kd2 Rd6 39. Rf4 f6 40. Re4 b5 41. Kc2 Nc4 42. a4 Nb6 {Accuracy: White = 93%, Black = 73%.} (42... Kb6 $142 43. axb5 Kxb5) 1-0

[Event "Kurnosov Memorial Rapid 2020"]
[Site "Chelyabinsk"]
[Date "2020.09.04"]
[Round "2.12"]
[White "Voit, Daria"]
[Black "Demchenko, Anton"]
[Result "0-1"]
[WhiteElo "2343"]
[BlackElo "2641"]
[Annotator "TA"]
[PlyCount "132"]
[EventDate "2020.09.04"]
[EventType "swiss"]
[EventCountry "RUS"]
[SourceTitle "playchess.com"]
[Source "ChessBase"]
[SourceQuality "1"]

{[%evp 23,132,24,42,13,9,7,12,13,11,-38,-25,-24,-15,-20,-10,-115,-20,-45,0,-31,0,-52,-14,-22,27,-22,-18,-79,-86,-128,-116,-124,-95,-102,-84,-95,-96,-105,-105,-104,-85,-94,-18,-62,-34,-30,-30,-65,-16,-83,-49,-106,-45,-42,-40,-55,-35,-33,-39,-158,-41,-76,-35,-165,-70,-102,-81,-57,36,-243,-235,-276,-229,-309,-314,-756,-747,-750,-739,-771,-771,-721,-759,-752,-746,-881,-891,-1264,-753,-737,-729,-883,-853,-877,-871,-868,-831,-935,-936,-897,-891,-1098,-1090,-1188,-1184,-1169,-1155,-1809,-1870,-3449,-3280]} 1. d4 Nf6 2. c4 g6 3. g3 Bg7 4. Bg2 O-O 5. Nc3 d6 6. Nf3 Nbd7 7. O-O e5 8. h3 Re8 9. e4 exd4 10. Nxd4 Nc5 11. Re1 Bd7 $1 {[%mdl 4] is now more promising than 11...a5. Played by Anish Giri in July 2020.} 12. Bf4 h6 13. Nb3 {E68: King's Indian: Fianchetto: 6...Nbd7 7 0-0 e5 8 e4.} Ne6 14. Be3 Ng5 15. Bxg5 {The position is equal.} hxg5 {[#]} 16. Nd4 $146 ({Predecessor:} 16. e5 dxe5 17. Bxb7 Rb8 18. Bg2 Qc8 19. g4 Rb4 20. Qe2 Bf8 21. Rad1 c6 22. Na5 {1-0 (49) Cruz,C (2562)-Olivares Olivares,C (2403) Arica 2019}) 16... g4 17. h4 Nh5 18. Qd3 Be5 19. b4 (19. Rad1 $11) 19... a6 ({Better is} 19... c5 $17 20. bxc5 dxc5) 20. Rab1 c6 (20... b5 $5) 21. a4 Qf6 22. Nde2 (22. Nce2 $11) 22... a5 $36 {[%mdl 2048] White is under pressure.} 23. b5 $1 Red8 24. bxc6 bxc6 25. Rb6 (25. Nd1 $11 {remains equal.}) 25... Ng7 $17 26. Reb1 Ne6 27. Nd1 {[%cal Bc3d1,Bd1e3,Be3c2][%mdl 32]} Nc5 28. Qc2 Na6 29. R6b3 Nb4 30. Qd2 Be6 31. Ne3 Na6 $1 32. Rb6 Nb4 (32... Rdc8 $17) 33. Nc2 c5 34. Na3 Rd7 35. Rc1 Kg7 36. Nc3 (36. Nf4 $11 {keeps the balance.}) 36... Rh8 37. Nd5 (37. Nd1 $15) 37... Qd8 ({Black should try} 37... Bxd5 $1 $17 38. cxd5 Bb2 {[%mdl 64] Double Attack}) 38. Rb5 $15 Ra7 39. Nb6 Ra6 40. Nd5 Bd7 41. Bf1 ({White must play} 41. Nc2 $1 $15) 41... Rh5 (41... Rxh4 $1 $17 42. gxh4 Qxh4) 42. Rd1 Ra7 43. Nf4 {[#]} (43. Ne3 $15) 43... Rh8 (43... Rxh4 $1 $19 {Threatens to win with ...Rh6.} 44. gxh4 Qxh4) 44. Nd3 Bxb5 45. cxb5 Qf6 ({Black should play} 45... Bd4 $15) 46. Be2 $2 {[%mdl 8192] [#] White is now going downhill.} (46. Nxe5 $14 {keeps the upper hand.} dxe5 47. Nc4) 46... Bd4 $1 $19 {...Nxd3 is the strong threat.} 47. Nf4 {[#]} Rxh4 $1 {[%mdl 512]} 48. gxh4 Qxh4 49. Bxg4 $2 (49. Bf1 g3 50. Bg2 Qh2+ 51. Kf1 gxf2 52. Nc4) 49... Qxg4+ {Black is clearly winning.} 50. Ng2 Qf3 51. Nc4 {[#]} Bxf2+ $1 {[%mdl 576] Deflection} 52. Qxf2 Qxd1+ {[%mdl 64] Double Attack} 53. Kh2 Ra8 54. Qb2+ f6 55. Qd2 Qxd2 56. Nxd2 {[%mdl 4096] Endgame KRN-KNN} d5 57. Nf4 c4 {[%cal Bc5c4,Bc4c3][%mdl 32]} 58. exd5 c3 59. Nb3 Kf7 60. Kg2 g5 61. Ne2 Nxd5 62. Kf3 f5 63. Ned4 g4+ 64. Kg3 Kf6 65. Nc5 Rc8 66. b6 Nxb6 {Accuracy: White = 30%, Black = 63%.} 0-1

[Event "Kurnosov Memorial Rapid 2020"]
[Site "Chelyabinsk"]
[Date "2020.09.04"]
[Round "3.1"]
[White "Savchenko, Boris"]
[Black "Artemiev, Vladislav"]
[Result "1/2-1/2"]
[WhiteElo "2564"]
[BlackElo "2716"]
[Annotator "TA"]
[PlyCount "152"]
[EventDate "2020.09.04"]
[EventType "swiss"]
[EventCountry "RUS"]
[SourceTitle "playchess.com"]
[Source "ChessBase"]
[SourceQuality "1"]

{[%evp 10,152,31,36,40,43,43,41,45,44,37,37,40,34,44,38,37,46,58,52,58,58,54,52,50,15,25,18,35,35,56,52,53,41,47,40,43,43,52,37,35,31,32,12,12,10,14,8,94,94,83,85,83,93,113,96,114,112,118,112,115,118,122,113,174,131,243,243,243,243,266,257,260,235,233,232,223,150,159,152,151,115,115,115,158,13,16,19,24,22,30,0,0,0,0,0,0,0,0,-60,-60,-60,-58,-60,-50,-47,-43,-43,-43,-43,-43,-72,-8,-8,-8,-8,-8,-43,-43,-43,-43,-43,-43,-43,-43,-72,-72,-72,-72,-72,-8,-8,-8,-8,-8,-8,-8,-8,-8,-8,-8,-8,-8,-72,-8]} 1. e4 e5 2. Nf3 Nc6 3. Bc4 Be7 4. O-O Nf6 5. d4 d6 6. d5 Nb8 {C55: Two Knights: 4 d3, 4 d4 exd4 5 e5 and Max Lange Attack.} 7. Bd3 Bg4 8. c4 O-O {White is slightly better.} 9. Be3 a5 10. a3 Na6 11. Nc3 Nd7 12. h3 Bxf3 13. Qxf3 Nac5 14. Bc2 {[#]} a4 $146 ({Predecessor:} 14... Bg5 15. b4 Bxe3 16. Qxe3 axb4 17. axb4 Rxa1 18. Rxa1 Na6 19. Rb1 g6 20. Ba4 b6 {1-0 (41) Rodriguez Vila,A (2459)-Lorenzini,M (2445) Rosario 2017}) 15. Qd1 {[%cal Rc3a4]} Nb6 $1 16. Bxc5 dxc5 17. Nxa4 Nxc4 18. b3 Nd6 19. Nxc5 Nb5 20. b4 ({But not} 20. Nxb7 $2 Qb8 $19) 20... Bxc5 21. bxc5 Qe7 22. Bd3 Nd4 23. Qb1 Qxc5 24. Rc1 Qd6 25. Qxb7 Rxa3 26. Bf1 $36 {[%mdl 2048] White has the initiative.} Rxa1 27. Rxa1 Qc5 28. Qb2 f5 (28... Qb6 $11 29. Qxb6 cxb6) 29. Rc1 $16 Qe7 30. exf5 Nxf5 31. Qb7 Qf6 32. Rxc7 e4 33. Qc6 e3 34. Qxf6 Rxf6 {[%mdl 4096] Endgame KRB-KRN} 35. Bd3 Kf8 36. Rc6 exf2+ (36... Ke7 $16) 37. Kxf2 $18 Nd6+ (37... Ke7 $16 38. g4 Nd4+ 39. Rxf6 Kxf6 40. Bxh7 Ke5) 38. Ke3 h6 39. Kd4 Ke7 40. Rc7+ Kf8 41. Kc5 Nf7 42. Bb5 Nd6 43. Bd7 Ne4+ 44. Kd4 Nd6 45. Bc6 Rf2 46. Rd7 Rd2+ {[#]} 47. Kc5 (47. Ke3 $1 $16 {[%cal Re3d2]} Nc4+ 48. Ke4) 47... Ne4+ $11 48. Kb6 Nf6 $1 {[%cal Rf6d7]} 49. Rd8+ Kf7 50. d6 {Strongly threatening d7.} Ke6 $1 51. d7 {[#] Threatens to win with Re8+.} Kd6 52. Rg8 Rb2+ 53. Ka5 Nxd7 54. Bb5 (54. Bxd7 $11 Kxd7 55. Rxg7+ Ke6 56. Ka4) 54... Rxg2 $15 55. Rd8 Ra2+ 56. Ba4 Ke6 {aiming for ...Nc5.} 57. Kb4 Ne5 {...Rh2 is the strong threat.} (57... Rb2+ {is interesting.} 58. Kc3 Rb7 59. Kd2 Ra7 60. Bd1 Ke7) 58. Bb3+ Ke7 {And now ...Nc6+ would win.} 59. Bxa2 Kxd8 {KB-KN} 60. Kc5 Nd3+ (60... Ke7 $17 {White should prevent ...Nf3.} 61. Kd4 Kf6) 61. Kd6 $11 Ke8 62. Be6 Nf4 63. Bf5 Kf7 {Hoping for ...Kf6.} 64. Ke5 Ng6+ 65. Ke4 Kf6 66. Bd7 Kg5 67. Bc8 Kh4 68. Kf3 Ne5+ 69. Kf2 g5 (69... g6 $17) 70. Kg2 $1 Nc4 71. Bd7 Ne3+ 72. Kh2 Nd5 73. Kg2 Nf6 74. Be6 Ne8 75. Bg4 Nd6 76. Kh2 (76. Be6 $11 {remains equal.}) 76... h5 {Black defended with fortune. Accuracy: White = 82%, Black = 83%.} (76... Ne4 $17) 1/2-1/2

[Event "Kurnosov Memorial Rapid 2020"]
[Site "Chelyabinsk"]
[Date "2020.09.04"]
[Round "3.2"]
[White "Shimanov, Aleksandr"]
[Black "Aleksandrov, Aleksej"]
[Result "1-0"]
[WhiteElo "2593"]
[BlackElo "2608"]
[Annotator "TA"]
[PlyCount "55"]
[EventDate "2020.09.04"]
[EventType "swiss"]
[EventCountry "RUS"]
[SourceTitle "playchess.com"]
[Source "ChessBase"]
[SourceQuality "1"]

{[%evp 9,55,28,29,16,47,54,83,88,87,85,118,114,128,135,155,164,168,188,387,391,401,326,312,320,324,239,235,220,254,254,243,177,166,116,130,4,241,64,60,0,229,75,384,356,444,433,1599,1576]} 1. d4 Nf6 2. Bf4 e6 3. e3 b6 4. Qf3 d5 5. Nc3 Bb7 6. O-O-O {A45: Trompowsky Attack.} Bb4 7. Nge2 {[#]} a6 $146 ({Predecessor:} 7... O-O 8. g4 Nbd7 9. g5 Ne8 10. h4 f5 11. gxf6 Nexf6 12. a3 Bxc3 13. Nxc3 Qe7 {0-1 (75) Moiseenko,V (2528)-Shaposhnikov,E (2557) Voronezh 2017}) 8. g4 {White is better.} Bd6 9. g5 Nfd7 10. Qg3 Qe7 11. Bg2 Nc6 12. e4 dxe4 13. d5 (13. Bxe4 $6 Na5 $14) (13. Nxe4 $6 Bxf4+ 14. Nxf4 (14. Qxf4 O-O-O $11) 14... O-O $16) 13... Nb4 $2 {[#]} (13... Nce5 14. dxe6 (14. Nxe4 Bxd5 15. Nxd6+ cxd6 $16) (14. Bxe4 O-O-O $16) 14... fxe6) 14. dxe6 $18 Qxe6 15. Bxd6 cxd6 16. Rxd6 Nxa2+ 17. Kb1 Nxc3+ 18. Nxc3 Qe7 {[#]} 19. Re1 $1 Nc5 20. Rxb6 O-O 21. h4 Rab8 22. h5 ({White should play} 22. Nxe4 $16 {And now Nf6+! would win.} Nxe4 23. Bxe4 Bxe4 24. Rxe4 (24. Rxb8 Bxc2+ 25. Kxc2 Qxe1 $11) 24... Qxe4 25. Rxb8) 22... Nd7 $2 (22... Qd8 $1 $11 23. Qd6 Qxd6 24. Rxd6 e3) 23. Rb3 $2 (23. Bxe4 $6 Kh8 $16) (23. Nxe4 $18 {Hoping for Nf6+!} Kh8 24. Rb3) 23... Nc5 $14 24. Rb6 $2 (24. Rb4 $14) 24... Nd7 $18 25. Qd6 $2 ({But not} 25. Bxe4 $6 Kh8 $16) (25. Nxe4 $18 {Strongly threatening Nf6+!} Kh8 26. Qc7) 25... Qxg5 $2 {[%mdl 8192]} (25... Rfe8 $16 {is more resistant.} 26. Bxe4 Qxd6 27. Rxd6 Nc5) 26. Qxd7 Bc8 27. Qd5 Rxb6 (27... Qxd5 $142 28. Nxd5 Rxb6) 28. Qxg5 {Accuracy: White = 64%, Black = 42%.} 1-0

[Event "Kurnosov Memorial Rapid 2020"]
[Site "Chelyabinsk"]
[Date "2020.09.04"]
[Round "3.3"]
[White "Matlakov, Maxim"]
[Black "Zakhartsov, Vladimir"]
[Result "0-1"]
[WhiteElo "2685"]
[BlackElo "2486"]
[Annotator "TA"]
[PlyCount "82"]
[EventDate "2020.09.04"]
[EventType "swiss"]
[EventCountry "RUS"]
[SourceTitle "playchess.com"]
[Source "ChessBase"]
[SourceQuality "1"]

{[%evp 17,82,19,12,26,36,4,34,31,17,41,22,21,54,58,45,29,41,35,27,27,33,24,34,23,83,41,36,15,25,-11,-18,-45,-17,-95,-95,-85,-87,-83,-98,-86,-67,-116,-121,-157,-159,-165,-149,-591,-585,-589,-584,-993,-927,-914,-672,-616,-567,-595,-591,-954,-941,-842,-643,-618,-609,-1176,-569]} 1. d4 Nf6 2. Nf3 g6 3. g3 d5 4. Bg2 Bg7 5. O-O O-O 6. c4 dxc4 7. Na3 c3 8. bxc3 c5 9. Ne5 Nd5 10. Bd2 {D77: Fianchetto Grünfeld: 6 0-0: Replies other than 6...c6.} Nc6 11. Nac4 cxd4 12. Nxc6 {White is slightly better.} bxc6 13. cxd4 Bxd4 14. Rc1 {[#]} Nb6 $146 ({Predecessor:} 14... Bg7 15. Na5 Bd7 16. Nxc6 Bxc6 17. Rxc6 e6 18. Qa4 Qd7 19. Rfc1 Rac8 20. Qa6 Rb8 {1-0 (49) Matlakov,M (2694)-Darini,P (2511) Doha 2016}) 15. Na5 $36 {[%mdl 2048] White fights for an advantage.} Bd7 $1 16. Bh6 Bg7 17. Bxg7 Kxg7 18. Qd4+ Kg8 19. Rfd1 {[%mdl 1024] White has compensation.} Rc8 20. Qc5 {[%cal Ra5c6]} Nd5 (20... Qc7 $11) 21. e4 ({Reject} 21. Nxc6 $6 Rxc6 22. Qxd5 Rxc1 $11) 21... Nb6 22. Rd2 Re8 23. Rcd1 Qc7 24. h4 h5 25. Rd4 (25. Rc2 $11 {remains equal.}) 25... Bg4 $17 {Hoping for ...e5.} 26. Rc1 {[%cal Ra5c6]} Nd7 27. Qc3 c5 {[%cal Bc6c5,Bc5c4,Bc4b3][%mdl 32]} 28. Rd2 Nb6 {[#] ...Na4 is the strong threat.} 29. Nb3 {[%cal Rc3c5]} c4 30. Nd4 Red8 31. Rdc2 Qc5 32. Nb3 $2 {[%mdl 8192] [#] Loses the game.} (32. Nf3 $17 {was the crucial defense.}) 32... cxb3 $19 {Black is clearly winning.} 33. Qxc5 bxc2 34. Qg5 Rd1+ 35. Kh2 Rxc1 36. Qxc1 Be2 37. e5 Bd3 38. Bh3 e6 39. g4 hxg4 40. Bxg4 Rc4 41. Kg3 Nd7 {Accuracy: White = 50%, Black = 79%.} (41... Nd5 $142 42. h5 Nb4 43. hxg6 Bxg6 44. Bxe6 fxe6) 0-1

[Event "Kurnosov Memorial Rapid 2020"]
[Site "Chelyabinsk"]
[Date "2020.09.04"]
[Round "3.4"]
[White "Drygalov, Andrey"]
[Black "Kokarev, Dmitry"]
[Result "1/2-1/2"]
[WhiteElo "2495"]
[BlackElo "2611"]
[Annotator "TA"]
[PlyCount "33"]
[EventDate "2020.09.04"]
[EventType "swiss"]
[EventCountry "RUS"]
[SourceTitle "playchess.com"]
[Source "ChessBase"]
[SourceQuality "1"]

{[%evp 16,20,19,8,18,0,6]} 1. e4 c5 2. Nf3 d6 3. Bb5+ Bd7 4. Bxd7+ Qxd7 5. c4 Nf6 6. Nc3 g6 7. O-O Bg7 8. d4 cxd4 9. Nxd4 O-O {B52: Sicilian: Moscow Variation with 3...Bd7.} 10. f3 Rc8 {[#] An uneventful encounter.} {Predecessor:} 11. b3 $146 d5 12. exd5 Nxd5 13. Nxd5 e6 14. Be3 exd5 15. Rc1 dxc4 16. bxc4 Re8 17. Bf2 {0-1 (37) Caruana,F (2795)-Vachier Lagrave,M (2788) chess.com INT 2016} 1/2-1/2

[Event "Kurnosov Memorial Rapid 2020"]
[Site "Chelyabinsk"]
[Date "2020.09.04"]
[Round "3.5"]
[White "Predke, Alexandr"]
[Black "Gabrielian, Artur"]
[Result "1-0"]
[WhiteElo "2684"]
[BlackElo "2463"]
[Annotator "TA"]
[PlyCount "129"]
[EventDate "2020.09.04"]
[EventType "swiss"]
[EventCountry "RUS"]
[SourceTitle "playchess.com"]
[Source "ChessBase"]
[SourceQuality "1"]

{[%evp 11,129,5,39,38,51,35,48,43,41,0,84,77,103,107,138,73,62,45,71,69,69,68,67,76,83,79,83,84,82,82,86,87,90,48,79,45,40,43,50,47,43,49,86,69,320,190,312,182,199,183,201,183,302,273,327,264,346,340,364,375,574,528,626,493,497,498,563,543,546,563,672,672,660,663,899,897,837,791,761,747,887,868,1034,761,1025,1008,993,981,1099,1079,1126,1062,1264,1236,1802,2208,29981,29967,29961,6127,5506,1967,6451,6027,6119,5931,6019,6299,5608,5424,5501,4460,2208,4542,4914,3903,29980,29978,29989,29990]} 1. d4 Nf6 2. Nf3 e6 3. g3 c5 4. Bg2 cxd4 5. O-O d5 6. Nxd4 Bc5 7. Nb3 {D02: 1 d4 d5 2 Nf3 sidelines, including 2...Nf6 3 g3 and 2...Nf6 3 Bf4.} Bb6 8. c4 O-O 9. Nc3 {White is slightly better.} dxc4 10. Nd2 Nc6 (10... Qc7 $11) 11. Nxc4 $16 {[#]} Bc7 $146 ({Predecessor:} 11... e5 12. Bg5 Be6 13. Nd6 h6 14. Nxb7 Qxd1 15. Raxd1 hxg5 16. Bxc6 Rab8 17. Bg2 Bd4 {1-0 (88) Velten,P (2375)-Samoun,F (2166) Saint Paul Trois Chateaux 2013}) 12. Nb5 Qe7 13. Nxc7 ({White should try} 13. b3) 13... Qxc7 14. Qd6 Qxd6 15. Nxd6 Rd8 16. Rd1 Nd5 17. Bf4 Nxf4 18. gxf4 Kf8 19. Rd2 a5 20. Rad1 a4 21. a3 f6 22. Rd3 Ra5 23. Nc4 Rxd3 24. Rxd3 ({Reject} 24. exd3 Rc5 $15) 24... Rc5 25. Nb6 $1 $36 {[%cal Rb6c8][%mdl 2048] Black is under pressure.} Rc1+ 26. Bf1 Ne7 27. e4 Rc6 $2 {[%mdl 8192] [#] This move loses the game for Black.} (27... Ke8 $14) 28. Rd8+ $1 $18 ({Stronger than} 28. Nxa4 Ng6 $11) 28... Kf7 29. Nc4 (29. Nxa4 Ng6 $11) (29. Bb5 $142 Rc1+ 30. Kg2) 29... Rc7 30. Nd6+ Kg6 31. Bb5 h6 (31... e5 {is a better defense.} 32. Be8+ (32. Bxa4 exf4 33. Kg2 Kg5 $14) 32... Kh6) 32. Bxa4 b6 33. Be8+ Kh7 34. h4 g6 35. Bb5 Rc5 (35... f5 {was necessary.} 36. e5 Bb7 37. Nxb7 Rxb7) 36. b4 Rc3 37. Re8 Rc7 38. Rf8 Kg7 39. Rf7+ Kg8 40. Rxf6 Bd7 41. Bxd7 Rxd7 42. Rxe6 {[%mdl 4096] Endgame KRN-KRN} Nc6 43. Rxg6+ Kh7 44. Rf6 Nd4 45. Nf5 Ne2+ 46. Kh2 Nxf4 47. Rxh6+ Kg8 48. Kg3 Ne2+ 49. Kf3 Nc3 50. Rxb6 Ra7 51. Kf4 Rxa3 52. h5 Ra2 53. f3 Ra3 54. h6 Ne2+ 55. Kg4 (55. Kg5 $142 Ra1 56. Rb8+ Kh7 57. Rb7+ Kh8 58. Ne7 Rg1+ 59. Kf6 Nf4 60. Kf5) 55... Ra1 56. Kg5 Rg1+ 57. Kf6 {[#] Threatening mate with Rb8+.} Nf4 58. Rb8+ Kh7 59. Rb7+ Kh8 60. b5 {[%cal Bb4b5,Bb5b6][%mdl 32]} Rg6+ 61. Ke5 Nd3+ 62. Kd4 Ne1 63. f4 Rg4 64. b6 Rxf4 65. Rc7 {Accuracy: White = 78%, Black = 53%.} 1-0

[Event "Kurnosov Memorial Rapid 2020"]
[Site "Chelyabinsk"]
[Date "2020.09.04"]
[Round "3.6"]
[White "Belyakov, Bogdan"]
[Black "Sjugirov, Sanan"]
[Result "1/2-1/2"]
[WhiteElo "2481"]
[BlackElo "2675"]
[Annotator "TA"]
[PlyCount "60"]
[EventDate "2020.09.04"]
[EventType "swiss"]
[EventCountry "RUS"]
[SourceTitle "playchess.com"]
[Source "ChessBase"]
[SourceQuality "1"]

{[%evp 16,60,34,27,39,22,21,41,32,28,48,44,43,41,44,43,42,25,25,22,39,11,15,15,18,19,20,0,0,0,15,0,0,0,0,0,0,0,0,-4,0,0,0,0,0,0,0]} 1. e4 c5 2. c3 Nf6 3. e5 Nd5 4. Bc4 Nb6 5. Bb3 Nc6 6. Nf3 d5 7. exd6 c4 8. Bc2 Qxd6 9. O-O Bg4 {B22: Sicilian: 2 c3.} 10. h3 Bh5 11. Re1 e6 {White is slightly better.} 12. b3 {[#]} Qd8 $146 ({Predecessor:} 12... Be7 13. Qe2 cxb3 14. axb3 O-O 15. d4 Rfd8 16. Bxh7+ Kxh7 17. Ng5+ Bxg5 18. Qxh5+ Bh6 19. Bxh6 gxh6 20. Qxf7+ {½-½ (44) Nakamura,H (2787)-Vachier Lagrave,M (2785) Caleta 2016}) 13. Na3 cxb3 14. axb3 Be7 15. Nc4 Nd5 16. Ne3 Nxe3 17. Rxe3 O-O 18. Ba3 Bxa3 {The position is equal.} 19. Rxa3 a5 20. Be4 Qd6 21. Qa1 (21. Ra2 {looks sharper.} f5 22. Bxc6 Qxc6 23. Qa1 Bxf3 24. Rxf3 b6 25. d4) 21... Bxf3 22. Bxf3 Rad8 23. Bxc6 Qxc6 24. Rxa5 Rxd2 25. Ra8 Rc8 26. Rxc8+ Qxc8 27. Qa5 g6 28. c4 Qd7 29. Qe5 h5 30. Rf3 Rd1+ {Accuracy: White = 95%, Black = 100%.} 1/2-1/2

[Event "Kurnosov Memorial Rapid 2020"]
[Site "Chelyabinsk"]
[Date "2020.09.04"]
[Round "3.7"]
[White "Demidov, Mikhail"]
[Black "Bryakin, Mikhail"]
[Result "1-0"]
[WhiteElo "2519"]
[BlackElo "2448"]
[Annotator "TA"]
[PlyCount "85"]
[EventDate "2020.09.04"]
[EventType "swiss"]
[EventCountry "RUS"]
[SourceTitle "playchess.com"]
[Source "ChessBase"]
[SourceQuality "1"]

{[%evp 15,85,0,0,0,19,0,0,-8,0,-15,-19,-10,0,-5,0,0,0,0,10,10,10,10,10,10,10,10,14,8,8,8,12,0,14,14,32,12,23,30,48,3,29,39,46,44,51,56,318,307,299,361,334,325,387,368,464,475,575,565,537,498,11842,9109,834,814,29962,6083,29977,29978,29978,29979,29979,29980]} 1. Nf3 d5 2. d4 Nf6 3. Bf4 c5 4. dxc5 e6 5. e3 Bxc5 6. Be2 O-O 7. O-O b6 8. c4 Bb7 9. Nc3 {E12: Queen's Indian: Unusual White 4th moves, 4 a3, 4 Nc3 Bb7 5 a3 and 4 Nc3 Bb7 .} Nbd7 10. a3 {[#]} dxc4 $146 ({Predecessor:} 10... a6 11. b4 Be7 12. Rc1 dxc4 13. Bxc4 b5 14. Bb3 Qb6 15. e4 Rad8 {½-½ (61) Rychagov,A (2571)-Lutsko,I (2417) Voronezh 2007}) 11. Bxc4 {The position is equal.} Nh5 12. Qe2 Nxf4 13. exf4 Qf6 14. g3 Rfd8 15. Ba6 Bxa6 16. Qxa6 Bf8 17. Rad1 Nc5 18. Qe2 Rxd1 19. Rxd1 Rd8 20. Ne5 Rxd1+ 21. Qxd1 Qe7 $1 22. b4 Nb7 $1 23. Qf3 Nd8 24. Qa8 f6 25. Nc6 Nxc6 26. Qxc6 Qd6 27. Qc4 Kf7 28. Nb5 $36 {[%mdl 2048] White has good play.} Qd1+ 29. Kg2 Qd7 $1 30. f5 $1 {Black must now prevent Nc7.} Qb7+ $2 {[%mdl 8192] Black cannot hold the game after this.} (30... g6 $14) 31. Kg1 $18 {[%csl Gf5][%cal Rc4e6]} Qd5 {[#]} 32. Qxd5 $1 exd5 33. Nxa7 {[%mdl 4096] Endgame KB-KN} Bd6 34. f4 Bb8 35. Nb5 Ke7 36. Kf2 Kd7 37. Ke3 h5 (37... g6 $142 38. Kd4 Kc6) 38. h4 Kc6 39. a4 {[%cal Ba3a4,Ba4a5][%mdl 32]} Kd7 40. Kd3 Bd6 41. Nxd6 {White mates.} Kxd6 42. Kd4 Kc6 43. a5 {Accuracy: White = 96%, Black = 61%.} 1-0